IFM Opac

Entrepreneurship education and training. (Record no. 8358)

MARC details
000 -LEADER
fixed length control field 00524nam a2200169Ia 4500
008 - FIXED-LENGTH DATA ELEMENTS--GENERAL INFORMATION
fixed length control field 150509s9999 xx 000 0 und d
020 ## - INTERNATIONAL STANDARD BOOK NUMBER
International Standard Book Number 0 7546 3215 6
082 ## - DEWEY DECIMAL CLASSIFICATION NUMBER
Classification number 338.04 HEN.
100 ## - MAIN ENTRY--PERSONAL NAME
Personal name Henry, Colette
245 ## - TITLE STATEMENT
Title Entrepreneurship education and training.
260 ## - PUBLICATION, DISTRIBUTION, ETC.
Place of publication, distribution, etc. England.:
260 ## - PUBLICATION, DISTRIBUTION, ETC.
Name of publisher, distributor, etc. Ashgate Publishing
260 ## - PUBLICATION, DISTRIBUTION, ETC.
Date of publication, distribution, etc. 2003
300 ## - PHYSICAL DESCRIPTION
Extent xii, 225p.: ill,; 23cm.
500 ## - GENERAL NOTE
General note Includes bibliographical references and index.
650 ## - SUBJECT ADDED ENTRY--TOPICAL TERM
Topical term or geographic name entry element Small businesses - management-study and teachingEntrepreneurship study
Holdings
Withdrawn status Lost status Source of classification or shelving scheme Damaged status Not for loan Home library Current library Shelving location Date acquired Full call number Barcode Date last seen Price effective from Koha item type
    Dewey Decimal Classification   Not For Loan IFM Main Campus Library IFM Main Campus Library   05/15/2015 338.04 HEN. 0000019078 05/15/2015 05/15/2015 Books